[Event "2nd GMA World Cup prel  #1"]
[Site "Belgrade YUG"]
[Date "1988.??.??"]
[Round "?"]
[White "Chernin, Alexander"]
[Black "Tan Chengxuan"]
[Result "1-0"]
[WhiteElo "2565"]
[BlackElo "2300"]
[EventDate "1988.12.??"]
[PlyCount "95"]

1.c4 c6 2.d4 d5 3.Nc3 Nf6 4.Nf3 dxc4 5.a4 Bf5 6.e3 e6 7.Bxc4 Bb4 8.O-O 
Nbd7 9.Nh4 Bg6 10.Qb3 Qb6 11.g3 O-O-O 12.Na2 Be7 13.Qc3 Nd5 14.Nxg6 Nxc3 
15.Nxe7+ Kb8 16.bxc3 Rhe8 17.Ba3 c5 18.Rfb1 Qc7 19.Nd5 exd5 20.Bxd5 Nb6 
21.Bb3 c4 22.Bc2 h5 23.e4 h4 24.a5 hxg3 25.hxg3 Na8 26.Nb4 Kc8 27.e5 Qxa5 
28.Bf5+ Kc7 29.Bc1 Qb5 30.Bf4 Nb6 31.Rxa7 g5 32.Bxg5 Ra8 33.Na6+ Qxa6 34.
Rxa6 Rxa6 35.Be4 Ra3 36.Bf4 Rb3 37.Ra1 Re7 38.d5 Kc8 39.Bf5+ Kd8 40.Bg5 
Nxd5 41.Rd1 Rb5 42.Rd4 Rc5 43.Be4 Kc8 44.Bxe7 Nxe7 45.f4 b5 46.Kf2 Kc7 47.
g4 Nc6 48.Rd5 1-0

[Event "2nd GMA World Cup prel  #1"]
[Site "Belgrade YUG"]
[Date "1988.??.??"]
[Round "?"]
[White "Ciric, Dragoljub"]
[Black "Gligoric, Svetozar"]
[Result "1/2-1/2"]
[WhiteElo "2395"]
[BlackElo "2500"]
[EventDate "1988.12.??"]
[PlyCount "21"]

1.e4 e6 2.d4 d5 3.Nd2 c5 4.Ngf3 Nc6 5.Bb5 Nf6 6.exd5 Qxd5 7.c4 Qh5 8.O-O 
cxd4 9.Nxd4 Qxd1 10.Rxd1 Bd7 11.N2f3 1/2-1/2

[Event "2nd GMA World Cup prel  #1"]
[Site "Belgrade YUG"]
[Date "1988.??.??"]
[Round "?"]
[White "Ciric, Dragoljub"]
[Black "Ilijic, Milan"]
[Result "1/2-1/2"]
[WhiteElo "2395"]
[BlackElo "2285"]
[EventDate "1988.12.??"]
[PlyCount "20"]

1.e4 d6 2.d4 Nf6 3.Nc3 g6 4.Nf3 Bg7 5.Be2 O-O 6.O-O a6 7.a4 b6 8.Re1 Bb7 
9.Bf1 c5 10.dxc5 bxc5 1/2-1/2

[Event "2nd GMA World Cup prel  #1"]
[Site "Belgrade YUG"]
[Date "1988.??.??"]
[Round "?"]
[White "Ciric, Dragoljub"]
[Black "Lerner, Konstantin"]
[Result "1/2-1/2"]
[WhiteElo "2395"]
[BlackElo "2530"]
[EventDate "1988.12.??"]
[PlyCount "199"]

1.e4 c5 2.Nf3 d6 3.d4 cxd4 4.Qxd4 a6 5.c4 Nc6 6.Qd2 Nf6 7.Nc3 g6 8.h3 Bg7 
9.Be2 O-O 10.O-O Bd7 11.Rb1 Qb8 12.Qe3 Ra7 13.Bd2 e6 14.Rfd1 b6 15.b3 Rb7 
16.Be1 Rd8 17.a3 Be8 18.Rd2 Nd7 19.Na2 b5 20.cxb5 axb5 21.Rbd1 Nde5 22.Nh2
Ne7 23.Nb4 N5c6 24.Rc2 Ra7 25.Nxc6 Nxc6 26.Bc3 e5 27.Bb2 Nd4 28.Rcd2 d5 
29.exd5 Rxd5 30.Nf3 Nxe2+ 31.Qxe2 Rxd2 32.Rxd2 Re7 33.Qd1 h6 34.Rd8 Qb6 
35.Qd5 Qe6 36.Qxe6 Rxe6 37.Nd2 f5 38.b4 Bf6 39.Rb8 Kf7 40.Nb3 Rd6 41.Rb7+ 
Ke6 42.Nc5+ Kd5 43.Kf1 Kc4 44.Ke1 e4 45.Bxf6 Rxf6 46.Rc7 Rc6 47.Re7 Rc8 
48.f3 exf3 49.gxf3 Bc6 50.Kf2 Ra8 51.Re3 f4 52.Rd3 Re8 53.Rd6 Ba8 54.Ne6 
g5 55.Rd4+ Kc3 56.Rd6 Re7 57.h4 Ra7 58.hxg5 hxg5 59.Nxg5 Rxa3 60.Rf6 Ra2+ 
61.Ke1 Kxb4 62.Rxf4+ Kc3 63.Rf8 b4 64.Rc8+ Kd3 65.Rb8 Kc3 66.Rc8+ Kb2 67.
Ne6 Bxf3 68.Nd4 Be4 69.Rc4 Bd3 70.Rxb4+ Kc3 71.Nc6 Re2+ 72.Kf1 Re6+ 73.Kf2
Rxc6 74.Ra4 Bb5 75.Ra5 Bc4 76.Ke3 Re6+ 77.Kf4 Kd4 78.Ra4 Rf6+ 79.Kg5 Rf1 
80.Kg4 Kd5 81.Kg5 Rf8 82.Kg4 Be2+ 83.Kg5 Ke5 84.Ra5+ Ke6 85.Rc5 Bf3 86.Ra5
Bd5 87.Kg4 Ke5 88.Kg5 Rg8+ 89.Kh5 Rg1 90.Rb5 Ke4 91.Kh6 Be6 92.Rg5 Ra1 93.
Kg6 Ra6 94.Kg7 Bf5 95.Rg1 Ke5 96.Re1+ Be4 97.Kf7 Ra7+ 98.Ke8 Kd4 99.Kf8 
Kd5 100.Re2 1/2-1/2

[Event "2nd GMA World Cup prel  #1"]
[Site "Belgrade YUG"]
[Date "1988.??.??"]
[Round "?"]
[White "Ciric, Dragoljub"]
[Black "Sinadinovic, Andelko"]
[Result "1-0"]
[WhiteElo "2395"]
[BlackElo "2350"]
[EventDate "1988.12.??"]
[PlyCount "135"]

1.e4 e5 2.Nf3 Nc6 3.Bb5 a6 4.Ba4 Nf6 5.O-O Be7 6.Qe2 b5 7.Bb3 d6 8.a4 Bg4 
9.c3 Na5 10.Bc2 c6 11.d4 O-O 12.dxe5 dxe5 13.h3 Bxf3 14.Qxf3 Qc7 15.Nd2 
Nb7 16.Re1 Nc5 17.Nf1 g6 18.Bh6 Rfe8 19.Ne3 Nh5 20.Nf5 Bf8 21.Qe3 Ne6 22.
Bxf8 Rxf8 23.Qh6 Nhg7 24.Re3 c5 25.Nxg7 Nxg7 26.Rd3 Rad8 27.axb5 axb5 28.
Qe3 Ne6 29.g3 Rxd3 30.Bxd3 c4 31.Bc2 Rd8 32.b3 Qc5 33.Qxc5 Nxc5 34.b4 Ne6 
35.Kg2 Rd2 36.Rc1 h5 37.Kf3 h4 38.Ke3 Rd8 39.Ra1 Kg7 40.Ra5 Rb8 41.Bd1 f5 
42.exf5 gxf5 43.gxh4 Kf6 44.Be2 Rb6 45.h5 Nc7 46.h6 Kg5 47.h4+ Kxh4 48.
Bxc4 bxc4 49.Rc5 Na6 50.h7 Rh6 51.Rxc4+ Kg5 52.b5 Nb8 53.Rc8 Rxh7 54.Rxb8 
Rh3+ 55.Kd2 Kf4 56.b6 Rh6 57.b7 Rd6+ 58.Kc2 Rb6 59.c4 Kf3 60.c5 Rb5 61.c6 
Rc5+ 62.Kd1 Rxc6 63.Rc8 Rb6 64.b8=Q Rxb8 65.Rxb8 Kxf2 66.Rb5 f4 67.Rxe5 f3
68.Rf5 1-0

[Event "2nd GMA World Cup prel  #1"]
[Site "Belgrade YUG"]
[Date "1988.??.??"]
[Round "?"]
[White "Ciric, Dragoljub"]
[Black "Watson, William"]
[Result "1/2-1/2"]
[WhiteElo "2395"]
[BlackElo "2500"]
[EventDate "1988.12.??"]
[PlyCount "46"]

1.e4 c5 2.Nf3 d6 3.d4 cxd4 4.Qxd4 Bg4 5.Bb5+ Nd7 6.Qe3 Nf6 7.h3 Bxf3 8.
Qxf3 a6 9.Bxd7+ Qxd7 10.Bg5 e6 11.Bxf6 gxf6 12.Nc3 Rg8 13.O-O-O Rc8 14.h4 
b5 15.Kb1 Qc6 16.Ka1 Bh6 17.Rhe1 Kf8 18.Re2 a5 19.Qh5 Bf4 20.Nxb5 Rb8 21.
Nd4 Qc4 22.Qf3 Be5 23.c3 a4 1/2-1/2

[Event "2nd GMA World Cup prel  #1"]
[Site "Belgrade YUG"]
[Date "1988.??.??"]
[Round "?"]
[White "Crawley, Gavin"]
[Black "Campora, Daniel Hugo"]
[Result "1/2-1/2"]
[WhiteElo "2380"]
[BlackElo "2540"]
[EventDate "1988.12.??"]
[PlyCount "22"]

1.e4 e5 2.Nf3 d6 3.d4 Nf6 4.Nc3 Nbd7 5.Bc4 Be7 6.Ng5 O-O 7.Bxf7+ Rxf7 8.
Ne6 Qe8 9.Nxc7 Qd8 10.Nxa8 b5 11.O-O Bb7 1/2-1/2

[Event "2nd GMA World Cup prel  #1"]
[Site "Belgrade YUG"]
[Date "1988.??.??"]
[Round "?"]
[White "Crawley, Gavin"]
[Black "Dizdarevic, Emir"]
[Result "1/2-1/2"]
[WhiteElo "2380"]
[BlackElo "2495"]
[EventDate "1988.12.??"]
[PlyCount "105"]

1.d4 Nf6 2.c4 e6 3.Nf3 b6 4.g3 Ba6 5.Qc2 c5 6.d5 exd5 7.cxd5 Bb7 8.e4 Qe7 
9.Bg2 Qxe4+ 10.Qxe4+ Nxe4 11.O-O Nd6 12.Re1+ Kd8 13.Bf4 f6 14.Nc3 Na6 15.
Rad1 Nc7 16.Nd2 Nce8 17.Nde4 g5 18.Bxd6 Nxd6 19.Nxf6 h6 20.Bh3 Bg7 21.Nce4
Nxe4 22.Nxe4 Bd4 23.Nd6 Bxd5 24.Nb5 Bc6 25.Nxd4 cxd4 26.Rxd4 Kc7 27.f4 
gxf4 28.Rxf4 Rae8 29.Rxe8 Rxe8 30.Kf2 Re5 31.Rf5 Rxf5+ 32.Bxf5 Kd6 33.g4 
Ke5 34.Kg3 d6 35.h4 Be8 36.Bc2 Bf7 37.a3 d5 38.g5 hxg5 39.hxg5 d4 40.Bd3 
Be6 41.g6 Kf6 42.Kf4 Bd5 43.Kg4 Bc6 44.Kh5 Kg7 45.Kg4 Be8 46.Kh5 Bc6 47.
Kg5 Be8 48.b4 a6 49.Be4 Bb5 50.Kf4 Kf6 51.Kf3 Be8 52.Bd3 Bxg6 53.Bxg6 
1/2-1/2

[Event "2nd GMA World Cup prel  #1"]
[Site "Belgrade YUG"]
[Date "1988.??.??"]
[Round "?"]
[White "Crawley, Gavin"]
[Black "Simic, Radoslav"]
[Result "0-1"]
[WhiteElo "2380"]
[BlackElo "2485"]
[EventDate "1988.12.??"]
[PlyCount "72"]

1.e4 c5 2.Nf3 Nc6 3.d4 cxd4 4.Nxd4 Nf6 5.Nc3 e5 6.Ndb5 d6 7.Bg5 a6 8.Na3 
b5 9.Nd5 Be7 10.Bxf6 Bxf6 11.c3 O-O 12.Nc2 Bg5 13.Be2 Rb8 14.O-O g6 15.a4 
bxa4 16.Ncb4 Nxb4 17.Nxb4 Bb7 18.Qxa4 a5 19.Qxa5 Bxe4 20.Bc4 Qxa5 21.Rxa5 
Rfc8 22.Bd5 Bd8 23.Ra7 Bxd5 24.Nxd5 Rxb2 25.Rd7 Rd2 26.Rxd6 Kg7 27.f4 exf4
28.Rxf4 Bc7 29.Nxc7 Rxd6 30.Nb5 Rd2 31.h4 h5 32.Kh2 Ra8 33.Rf3 Re8 34.Nd4 
Re4 35.Kh3 Rd1 36.g3 Rd2 0-1

[Event "2nd GMA World Cup prel  #1"]
[Site "Belgrade YUG"]
[Date "1988.??.??"]
[Round "?"]
[White "Cvetkovic, Srdan"]
[Black "Lerner, Konstantin"]
[Result "1-0"]
[WhiteElo "2450"]
[BlackElo "2530"]
[EventDate "1988.12.??"]
[PlyCount "133"]

1.c4 e5 2.Nc3 Nf6 3.Nf3 Nc6 4.g3 Bb4 5.Nd5 e4 6.Nh4 O-O 7.Bg2 Re8 8.O-O 
Bc5 9.d3 exd3 10.Qxd3 Ne5 11.Qc2 c6 12.Be3 cxd5 13.Bxc5 d6 14.Bd4 dxc4 15.
Rfd1 Qe7 16.Nf5 Bxf5 17.Qxf5 d5 18.a4 Qe6 19.Qxe6 Rxe6 20.a5 h6 21.Kf1 g5 
22.Ra4 a6 23.Rb4 Nc6 24.Rxb7 Nxa5 25.Rc7 Rb8 26.Bc3 Rb5 27.Rc8+ Kh7 28.Rd8
Nc6 29.Bxd5 Nxd8 30.Bxe6 Nxe6 31.Bxf6 Nc5 32.Rd6 Ne4 33.Rxa6 Rf5 34.Bd4 
Rd5 35.Bc3 Rd1+ 36.Kg2 Nxc3 37.bxc3 Rc1 38.Rf6 Kg7 39.Rf3 g4 40.Rf4 Rxc3 
41.Rxg4+ Kf6 42.Rf4+ Kg6 43.g4 Rc1 44.h4 c3 45.Rc4 c2 46.Rc6+ f6 47.Rc5 
Kf7 48.h5 Ke6 49.Kf3 Kd6 50.Rc8 Ke5 51.e3 f5 52.gxf5 Kxf5 53.Rc5+ Ke6 54.
Kf4 Kd6 55.Rc3 Kd5 56.Kf5 Kd6 57.e4 Kd7 58.e5 Ke7 59.Rc4 Rh1 60.Rc7+ Kd8 
61.Rxc2 Rxh5+ 62.Ke4 Rh1 63.f4 h5 64.Kf5 h4 65.Kf6 h3 66.e6 Re1 67.f5 1-0

[Event "2nd GMA World Cup prel  #1"]
[Site "Belgrade YUG"]
[Date "1988.??.??"]
[Round "?"]
[White "Cvetkovic, Srdan"]
[Black "Sekulic, Dusan"]
[Result "1/2-1/2"]
[WhiteElo "2450"]
[BlackElo "2305"]
[EventDate "1988.12.??"]
[PlyCount "149"]

1.c4 Nf6 2.Nc3 g6 3.e4 d6 4.d4 Bg7 5.Nf3 O-O 6.h3 e5 7.dxe5 dxe5 8.Qxd8 
Rxd8 9.Bg5 Re8 10.Nd5 Nxd5 11.cxd5 c6 12.Bc4 cxd5 13.Bxd5 Nc6 14.O-O-O Nb4
15.Bb3 Be6 16.Bxe6 Rxe6 17.Kb1 b6 18.Rd7 Na6 19.Be3 Bf8 20.Rhd1 Bc5 21.Bh6
Be7 22.Ng5 Bxg5 23.Bxg5 Nc5 24.Rd8+ Rxd8 25.Rxd8+ Kg7 26.f3 Rc6 27.Be3 Ne6
28.Rd7 a6 29.a4 Rc4 30.Rb7 Rxa4 31.Rxb6 Nf4 32.b3 Ra5 33.Bd2 Rc5 34.Bxf4 
exf4 35.Rxa6 Rb5 36.Ra3 Kf6 37.h4 Kg7 38.Kc2 Rh5 39.b4 Kf6 40.Rd3 Ke6 41.
Kc3 Rxh4 42.Rd1 Rh5 43.Kc4 Rh2 44.Rd2 Rh1 45.b5 Rc1+ 46.Kb4 Rb1+ 47.Kc5 
Rc1+ 48.Kb6 h5 49.Ra2 h4 50.Ka7 Rc7+ 51.Ka6 Rc8 52.Ka7 Rc7+ 53.Ka6 Rc8 54.
Rf2 Ra8+ 55.Kb7 Ra3 56.b6 g5 57.Kc8 Rc3+ 58.Kb8 f5 59.exf5+ Kxf5 60.b7 g4 
61.Rb2 h3 62.Rb5+ Ke6 63.gxh3 g3 64.Rb2 Rxf3 65.Kc7 Rc3+ 66.Kb6 g2 67.Rxg2
Rb3+ 68.Kc7 Rc3+ 69.Kb8 Rxh3 70.Rb2 Kd5 71.Ka7 Rh8 72.b8=Q Rxb8 73.Rxb8 
Kd4 74.Kb6 f3 75.Rf8 1/2-1/2

[Event "2nd GMA World Cup prel  #1"]
[Site "Belgrade YUG"]
[Date "1988.??.??"]
[Round "?"]
[White "Cvitan, Ognjen"]
[Black "Bjelajac, Milan"]
[Result "0-1"]
[WhiteElo "2500"]
[BlackElo "2440"]
[EventDate "1988.12.??"]
[PlyCount "75"]

1.Nf3 f5 2.g3 Nf6 3.Bg2 d6 4.d4 g6 5.c4 Bg7 6.Nc3 e6 7.O-O O-O 8.Qc2 Nc6 
9.d5 Nb4 10.Qb3 Na6 11.dxe6 Nc5 12.Qc2 Bxe6 13.b3 Nfe4 14.Bb2 Nxc3 15.Bxc3
Bxc3 16.Qxc3 Ne4 17.Qc2 Qe7 18.Nd2 d5 19.cxd5 Bxd5 20.Nxe4 fxe4 21.Rad1 c6
22.Rd4 Rae8 23.Qc3 Qe5 24.Qe3 Re7 25.Rfd1 Kg7 26.Ra4 a6 27.Qd4 Qxd4 28.
Raxd4 a5 29.Rc1 Kf6 30.Ra4 b6 31.f3 exf3 32.Bxf3 Bxf3 33.Rf4+ Kg7 34.Rxf8 
Kxf8 35.exf3 c5 36.Kf2 Rd7 37.Ke3 Ke7 38.f4 0-1

[Event "2nd GMA World Cup prel  #1"]
[Site "Belgrade YUG"]
[Date "1988.??.??"]
[Round "?"]
[White "Cvitan, Ognjen"]
[Black "Eingorn, Viacheslav"]
[Result "1/2-1/2"]
[WhiteElo "2500"]
[BlackElo "2560"]
[EventDate "1988.12.??"]
[PlyCount "94"]

1.Nf3 g6 2.d4 Bg7 3.c4 d6 4.Nc3 Bg4 5.e3 c5 6.Be2 cxd4 7.exd4 Nh6 8.h3 
Bxf3 9.Bxf3 Nc6 10.Be4 O-O 11.O-O Qc8 12.Re1 Nf5 13.Bxf5 Qxf5 14.Be3 Qa5 
15.Rc1 e6 16.d5 exd5 17.Nxd5 Bxb2 18.Rb1 Bg7 19.Rxb7 Kh8 20.Re2 Rab8 21.
Rd7 Rbd8 22.Rxd8 Rxd8 23.Bg5 Rb8 24.Bf6 Bxf6 25.Nxf6 Qb6 26.Qxd6 Nd4 27.
Re8+ Rxe8 28.Nxe8 Qxd6 29.Nxd6 Kg7 30.Nb5 Nxb5 31.cxb5 Kf6 32.f4 Ke6 33.
Kf2 Kd5 34.Ke3 f5 35.g4 Kc4 36.gxf5 gxf5 37.h4 h5 38.a4 Kb4 39.Kd4 Kxa4 
40.Ke5 Kxb5 41.Kxf5 a5 42.Kg6 a4 43.f5 a3 44.f6 a2 45.f7 a1=Q 46.f8=Q Qe5 
47.Qf3 Kc4 1/2-1/2

[Event "2nd GMA World Cup prel  #1"]
[Site "Belgrade YUG"]
[Date "1988.??.??"]
[Round "?"]
[White "Cvitan, Ognjen"]
[Black "Plaskett, Harold James"]
[Result "1/2-1/2"]
[WhiteElo "2500"]
[BlackElo "2450"]
[EventDate "1988.12.??"]
[PlyCount "95"]

1.Nf3 b5 2.e3 a6 3.a4 b4 4.c4 Nf6 5.d4 Bb7 6.b3 c5 7.Bd3 g6 8.Bb2 Bg7 9.
Nbd2 O-O 10.O-O e6 11.dxc5 a5 12.e4 Na6 13.e5 Nh5 14.Bd4 Qc7 15.Be4 f5 16.
Bxb7 Qxb7 17.Ne1 Rfc8 18.Nd3 Bf8 19.Qf3 Rab8 20.Qxb7 Rxb7 21.Rad1 g5 22.
Nf3 Nf4 23.Nxf4 gxf4 24.Rd3 Bxc5 25.Rb1 Kf8 26.Bxc5+ Nxc5 27.Rd4 Ne4 28.
Nd2 d5 29.exd6 Nc5 30.Nf3 Rd8 31.Ne5 Rb6 32.d7 Ke7 33.g3 f3 34.Nxf3 Rxd7 
35.Rxd7+ Kxd7 36.Ne5+ Kc7 37.Kf1 Rd6 38.Ke2 Ne4 39.Ke3 Nc5 40.h3 h5 41.f3 
Rd8 42.g4 hxg4 43.hxg4 fxg4 44.fxg4 Rg8 45.Kf3 Rf8+ 46.Ke3 Rg8 47.Kf4 Rf8+
48.Ke3 1/2-1/2

[Event "2nd GMA World Cup prel  #1"]
[Site "Belgrade YUG"]
[Date "1988.??.??"]
[Round "?"]
[White "Cvitan, Ognjen"]
[Black "Sulava, Nenad"]
[Result "1-0"]
[WhiteElo "2500"]
[BlackElo "2395"]
[EventDate "1988.12.??"]
[PlyCount "37"]

1.d4 d5 2.c4 e6 3.Nc3 Nf6 4.Bg5 Bb4 5.e3 c5 6.Rc1 O-O 7.cxd5 Qxd5 8.Bxf6 
gxf6 9.a3 Bxc3+ 10.Rxc3 cxd4 11.exd4 Rd8 12.Nf3 Nc6 13.Be2 b6 14.Qc1 Bb7 
15.Qh6 Qe4 16.Nd2 Qg6 17.Rg3 Nxd4 18.Bd3 f5 19.O-O 1-0

[Event "2nd GMA World Cup prel  #1"]
[Site "Belgrade YUG"]
[Date "1988.??.??"]
[Round "?"]
[White "Cvitan, Ognjen"]
[Black "Ye Rongguang"]
[Result "0-1"]
[WhiteElo "2500"]
[BlackElo "2375"]
[EventDate "1988.12.??"]
[PlyCount "64"]

1.d4 d5 2.c4 dxc4 3.Nf3 Nf6 4.e3 e6 5.Bxc4 a6 6.O-O c5 7.a3 b5 8.Be2 cxd4 
9.Nxd4 e5 10.Nf3 Bd6 11.a4 e4 12.Nd4 b4 13.Nd2 Qc7 14.h3 Nc6 15.Nxc6 Qxc6 
16.Nc4 Bb8 17.a5 Qc7 18.g3 O-O 19.Nb6 Ra7 20.Kg2 Be6 21.Bd2 Rd8 22.Ra4 h5 
23.Qc1 Qe5 24.Bxb4 h4 25.Bc3 Qg5 26.Bxf6 gxf6 27.g4 Rc7 28.Qe1 Qe5 29.Rh1 
Rc2 30.Nc4 Qb5 31.b3 Qxb3 32.Nb6 Rdd2 0-1

[Event "2nd GMA World Cup prel  #1"]
[Site "Belgrade YUG"]
[Date "1988.??.??"]
[Round "?"]
[White "Damljanovic, Branko"]
[Black "Buljovcic, Ivan"]
[Result "1-0"]
[WhiteElo "2565"]
[BlackElo "2425"]
[EventDate "1988.12.??"]
[PlyCount "87"]

1.Nf3 c5 2.g3 Nc6 3.d4 cxd4 4.Nxd4 g6 5.Bg2 Bg7 6.Nb3 Nf6 7.Nc3 O-O 8.O-O 
a6 9.e4 Rb8 10.Nd5 Nxd5 11.exd5 Na5 12.Re1 Nxb3 13.axb3 d6 14.c3 Re8 15.
Bg5 Qc7 16.Qd2 b5 17.b4 Bb7 18.Re2 Ra8 19.Rae1 f6 20.Bf4 Bc8 21.h3 Kf7 22.
g4 Bd7 23.Bh6 Bh8 24.Be3 a5 25.Bd4 Bg7 26.bxa5 Rxa5 27.Qf4 Ra4 28.b4 Ra3 
29.g5 Qd8 30.Qh4 Kg8 31.gxf6 Bxf6 32.Bxf6 exf6 33.Rxe8+ Bxe8 34.Re6 Rxc3 
35.Rxf6 Rc8 36.Qf4 Qe7 37.Re6 Qc7 38.Kh2 Bf7 39.Rxd6 Qe7 40.Rc6 Rf8 41.Rc7
Qd8 42.d6 Bc4 43.Qe5 Rf7 44.Re7 1-0

[Event "2nd GMA World Cup prel  #1"]
[Site "Belgrade YUG"]
[Date "1988.??.??"]
[Round "?"]
[White "Damljanovic, Branko"]
[Black "Shneider, Alexander"]
[Result "1-0"]
[WhiteElo "2565"]
[BlackElo "2465"]
[EventDate "1988.12.??"]
[PlyCount "71"]

1.Nf3 Nf6 2.c4 e6 3.g3 d5 4.b3 Be7 5.Bg2 O-O 6.Bb2 b6 7.O-O Bb7 8.e3 c5 9.
Nc3 dxc4 10.bxc4 Nc6 11.Qe2 Qc7 12.Rfd1 Rad8 13.d3 Rd7 14.Rac1 Rfd8 15.d4 
a6 16.d5 exd5 17.cxd5 Nxd5 18.Nxd5 Rxd5 19.Rxd5 Rxd5 20.Nh4 Rd6 21.Nf5 Rg6
22.Rd1 Bf8 23.h4 Ne7 24.Bxb7 Qxb7 25.h5 Re6 26.Nxg7 Bxg7 27.Rd8+ Bf8 28.
Qg4+ Ng6 29.hxg6 Rxg6 30.Qh4 f6 31.Bxf6 Kf7 32.Qxh7+ Bg7 33.Bxg7 Rxg7 34.
Qf5+ Ke7 35.Qf8+ Ke6 36.Rd6+ 1-0

[Event "2nd GMA World Cup prel  #1"]
[Site "Belgrade YUG"]
[Date "1988.??.??"]
[Round "?"]
[White "Danilovic, Milorad"]
[Black "Bagirov, Vladimir"]
[Result "0-1"]
[WhiteElo "2350"]
[BlackElo "2465"]
[EventDate "1988.12.??"]
[PlyCount "65"]

1.e4 Nf6 2.Nc3 d5 3.exd5 Nxd5 4.Bc4 c6 5.Qf3 Be6 6.Nge2 Nc7 7.Bxe6 Nxe6 8.
O-O Na6 9.b4 Qd7 10.Rb1 g6 11.b5 Nac7 12.bxc6 bxc6 13.d4 Bg7 14.Be3 O-O 
15.Rb7 Rfb8 16.Rfb1 Rxb7 17.Rxb7 Qc8 18.Qxc6 Nd8 19.Qxc7 Qxb7 20.Qc4 Rc8 
21.Qa4 Ne6 22.h3 a6 23.Qa3 Bf8 24.Qc1 Nc7 25.Bh6 Nb5 26.Nxb5 Bxh6 27.Qxh6 
Qxb5 28.Ng3 Rxc2 29.Qe3 Qd7 30.a3 Qe6 31.Ne4 a5 32.g4 Rc4 33.Nd2 0-1

[Event "2nd GMA World Cup prel  #1"]
[Site "Belgrade YUG"]
[Date "1988.??.??"]
[Round "?"]
[White "Danilovic, Milorad"]
[Black "Khasin, Alexander"]
[Result "0-1"]
[WhiteElo "2350"]
[BlackElo "2425"]
[EventDate "1988.12.??"]
[PlyCount "68"]

1.e4 c5 2.Nf3 Nc6 3.d4 cxd4 4.Nxd4 Nf6 5.Nc3 d6 6.Be2 e5 7.Nb3 Be7 8.O-O 
O-O 9.Be3 a5 10.a3 Be6 11.Bf3 a4 12.Nd2 d5 13.exd5 Nxd5 14.Nxd5 Bxd5 15.
Ne4 Bc4 16.Qxd8 Rfxd8 17.Rfe1 f5 18.Nc3 e4 19.Be2 Ne5 20.Rad1 Bxe2 21.Nxe2
Nc4 22.Bc1 Bf6 23.c3 Kf7 24.Rxd8 Rxd8 25.Ng3 g6 26.Nf1 b5 27.Ne3 Ne5 28.
Kf1 Nd3 29.Rd1 f4 30.Nc2 Nxc1 31.Rxc1 Rd2 32.Ke1 e3 33.fxe3 Rxg2 34.exf4 
Rxh2 0-1

[Event "2nd GMA World Cup prel  #1"]
[Site "Belgrade YUG"]
[Date "1988.??.??"]
[Round "?"]
[White "Danilovic, Milorad"]
[Black "Vanheste, Jeroen"]
[Result "1-0"]
[WhiteElo "2350"]
[BlackElo "2390"]
[EventDate "1988.12.??"]
[PlyCount "155"]

1.e4 c5 2.Nf3 e6 3.d4 cxd4 4.Nxd4 Nf6 5.Nc3 d6 6.Bg5 Be7 7.Qd3 a6 8.Be2 
Nc6 9.Rd1 Bd7 10.O-O Rc8 11.Nb3 Ne5 12.Qd4 b5 13.Kh1 Nc4 14.Bxc4 Rxc4 15.
Qd3 Qc7 16.a3 O-O 17.e5 dxe5 18.Bxf6 gxf6 19.Qxd7 Bxa3 20.Qxc7 Rxc7 21.
Nxb5 axb5 22.bxa3 Rxc2 23.Rd2 Rc3 24.Rb2 Ra8 25.Ra1 Ra4 26.Rc1 Rd4 27.Rcb1
Rdd3 28.Kg1 e4 29.Kf1 f5 30.Ke1 f4 31.Nc1 Rd5 32.Ne2 Rxa3 33.Nxf4 Rf5 34.
Ne2 Rh5 35.h3 Rg5 36.g3 Ra5 37.h4 Re5 38.Nd4 e3 39.Rxb5 exf2+ 40.Kxf2 Ra2+
41.R1b2 Rxb2+ 42.Rxb2 Re4 43.Nf3 h6 44.Rd2 Ra4 45.Rd7 Ra5 46.Nd4 Re5 47.
Nc6 Rc5 48.Nd8 Rf5+ 49.Kg2 Kf8 50.Rd4 Ke7 51.Nc6+ Kf8 52.Rd8+ Kg7 53.Rd7 
Kf8 54.Nd4 Ra5 55.Kf3 Ra3+ 56.Kg4 Ke8 57.Rd6 Ke7 58.Nb5 Rb3 59.Rb6 Kf6 60.
Rb7 Rd3 61.Nc7 Rd8 62.Kh5 Rg8 63.g4 Rh8 64.Nb5 Rd8 65.Nc3 Kg7 66.Rc7 Rd2 
67.Ne4 Rd4 68.Nc5 Rd5+ 69.g5 Re5 70.Nd7 Rd5 71.Nf6 Rd1 72.Ne8+ Kf8 73.gxh6
Rd5+ 74.Kg4 Rd4+ 75.Kg3 Rd3+ 76.Kf2 Rd4 77.h7 Rxh4 78.Nf6 1-0

[Event "2nd GMA World Cup prel  #1"]
[Site "Belgrade YUG"]
[Date "1988.??.??"]
[Round "?"]
[White "Despotovic, Momcilo"]
[Black "Ivanov, Jordan"]
[Result "0-1"]
[WhiteElo "2355"]
[BlackElo "2425"]
[EventDate "1988.12.??"]
[PlyCount "64"]

1.d4 Nf6 2.c4 g6 3.Nc3 Bg7 4.e4 O-O 5.Bg5 d6 6.f3 Nc6 7.Nge2 a6 8.Rc1 Re8 
9.Qd2 e5 10.d5 Nd4 11.Be3 c5 12.dxc6 bxc6 13.Nxd4 exd4 14.Bxd4 Rb8 15.Be2 
Nh5 16.Be3 Qh4+ 17.g3 Nxg3 18.Bf2 Bh6 19.Qxd6 Bf4 20.Qxc6 Bd7 21.Qxd7 Red8
22.Rd1 Rxd7 23.Rxd7 Qh3 24.Nd5 Nxh1 25.Nf6+ Kg7 26.Bd4 Bg5 27.Ng4+ Kg8 28.
c5 Rd8 29.c6 Rxd7 30.cxd7 h5 31.Ne5 Qxh2 32.Bc3 Ng3 0-1

[Event "2nd GMA World Cup prel  #1"]
[Site "Belgrade YUG"]
[Date "1988.??.??"]
[Round "?"]
[White "Despotovic, Momcilo"]
[Black "Jukic, Mirko"]
[Result "1/2-1/2"]
[WhiteElo "2355"]
[BlackElo "2470"]
[EventDate "1988.12.??"]
[PlyCount "100"]

1.d4 Nf6 2.c4 e6 3.Nc3 Bb4 4.e3 c5 5.Bd3 Nc6 6.Ne2 cxd4 7.exd4 d5 8.cxd5 
Nxd5 9.O-O O-O 10.Bc2 Bd6 11.a3 Nxc3 12.bxc3 e5 13.d5 Na5 14.Kh1 Qh4 15.g3
Qh5 16.f3 b6 17.Qd3 f5 18.Bd2 Bb7 19.c4 e4 20.Qd4 Bc5 21.Qc3 e3 22.Bc1 Qf7
23.Bb2 Be7 24.Bxf5 Bf6 25.Qc2 Qh5 26.Nf4 Qh6 27.Bxf6 Rxf6 28.Be6+ Kh8 29.
Rae1 Ba6 30.Qe4 Re8 31.Rc1 Nb3 32.Qxe3 Nxc1 33.Rxc1 Bc8 34.Qc3 Bxe6 35.
dxe6 Rxf4 36.gxf4 Qxe6 37.Rg1 Qf7 38.f5 Rc8 39.Qe5 Qf6 40.Qxf6 gxf6 41.Rd1
Rxc4 42.Rd8+ Kg7 43.Rd7+ Kh6 44.Rxa7 Rc2 45.Rb7 Rb2 46.h4 b5 47.Kg1 Ra2 
48.Rxb5 Kh5 49.Rb4 Rxa3 50.Kg2 Ra5 1/2-1/2

[Event "2nd GMA World Cup prel  #1"]
[Site "Belgrade YUG"]
[Date "1988.??.??"]
[Round "?"]
[White "Despotovic, Momcilo"]
[Black "Tringov, Georgi"]
[Result "1/2-1/2"]
[WhiteElo "2355"]
[BlackElo "2430"]
[EventDate "1988.12.??"]
[PlyCount "120"]

1.d4 Nf6 2.c4 g6 3.Nc3 Bg7 4.e4 d6 5.f3 O-O 6.Bg5 c5 7.d5 h6 8.Be3 e6 9.
Qd2 exd5 10.cxd5 a6 11.a4 Nh7 12.Nge2 Nd7 13.Nd1 Ne5 14.Nec3 f5 15.Nf2 
fxe4 16.Ncxe4 Rxf3 17.Be2 Rxe3 18.Qxe3 Nf7 19.Qd2 Nf6 20.Nc3 Ne5 21.O-O 
Bf5 22.Rae1 Qb6 23.Kh1 Qb4 24.g4 Ne4 25.Qf4 Nxf2+ 26.Rxf2 Qxf4 27.Rxf4 Bc2
28.Bf1 Bb3 29.h3 c4 30.Re3 Rb8 31.Ne4 Bxa4 32.Nxd6 b5 33.Ne4 Nd3 34.Bxd3 
cxd3 35.Rxd3 Bxb2 36.Nc5 Bc2 37.Rd2 Bc1 38.Rff2 Bxd2 39.Rxd2 Bb1 40.d6 Kf7
41.Rb2 Rd8 42.Rxb1 Rxd6 43.Ra1 b4 44.Kg2 Rc6 45.Nxa6 Rc2+ 46.Kf3 Rc3+ 47.
Ke4 Rxh3 48.Nxb4 Rh4 49.Ke5 Rxg4 50.Ra7+ Kf8 51.Nc6 Rg1 52.Kf6 Rf1+ 53.
Kxg6 Rg1+ 54.Kf6 Rf1+ 55.Ke6 Re1+ 56.Ne5 h5 57.Rh7 Kg8 58.Rxh5 Ra1 59.Rg5+
Kh7 60.Nf7 Ra6+ 1/2-1/2

[Event "2nd GMA World Cup prel  #1"]
[Site "Belgrade YUG"]
[Date "1988.??.??"]
[Round "?"]
[White "Dizdar, Goran"]
[Black "Piskov, Yury"]
[Result "1-0"]
[WhiteElo "2500"]
[BlackElo "2415"]
[EventDate "1988.12.??"]
[PlyCount "57"]

1.Nf3 e6 2.g3 f5 3.Bg2 Nf6 4.O-O d5 5.c4 Bd6 6.Nc3 c6 7.d3 Bc7 8.cxd5 exd5
9.Bg5 O-O 10.e4 Qd7 11.Qb3 fxe4 12.dxe4 Qf7 13.exd5 Nxd5 14.Nxd5 Qxd5 15.
Qxd5+ cxd5 16.Nd4 Bb6 17.Bxd5+ Kh8 18.Rad1 Na6 19.Rfe1 Nc7 20.Be7 Nxd5 21.
Bxf8 Bg4 22.Ne6 Bxd1 23.Rxd1 Re8 24.Bxg7+ Kg8 25.Rxd5 Rxe6 26.Bd4 Re1+ 27.
Kg2 Rd1 28.Rg5+ Kf8 29.Rf5+ 1-0

[Event "2nd GMA World Cup prel  #1"]
[Site "Belgrade YUG"]
[Date "1988.??.??"]
[Round "?"]
[White "Dizdar, Goran"]
[Black "Psakhis, Lev"]
[Result "0-1"]
[WhiteElo "2500"]
[BlackElo "2560"]
[EventDate "1988.12.??"]
[PlyCount "54"]

1.d4 Nf6 2.Nf3 e6 3.e3 c5 4.Bd3 b6 5.O-O Bb7 6.c4 g6 7.Nc3 Bg7 8.d5 exd5 
9.cxd5 Nxd5 10.Nxd5 Bxd5 11.Bxg6 hxg6 12.Qxd5 Nc6 13.e4 Qe7 14.Bg5 Qe6 15.
Qd2 Ne5 16.Ne1 Nc4 17.Qe2 Nxb2 18.Rb1 Na4 19.Qc2 Nc3 20.Rb3 Nxe4 21.Re3 f5
22.f3 Rh5 23.fxe4 Rxg5 24.Nf3 Rg4 25.h3 Bh6 26.Rfe1 Bxe3+ 27.Rxe3 Rxe4 0-1

[Event "2nd GMA World Cup prel  #1"]
[Site "Belgrade YUG"]
[Date "1988.??.??"]
[Round "?"]
[White "Dizdar, Goran"]
[Black "Rodriguez Cespedes, Amador"]
[Result "1-0"]
[WhiteElo "2500"]
[BlackElo "2550"]
[EventDate "1988.12.??"]
[PlyCount "65"]

1.d4 Nf6 2.Nf3 e6 3.e3 c5 4.c4 d5 5.Nc3 cxd4 6.exd4 Bb4 7.cxd5 Nxd5 8.Bd2 
O-O 9.Bd3 Nc6 10.O-O Be7 11.a3 Bf6 12.Qc2 g6 13.Bh6 Re8 14.Rad1 Nxc3 15.
Qxc3 Bd7 16.Be4 Rc8 17.Qd2 Na5 18.Qf4 Bc6 19.Bxc6 Nxc6 20.Ne5 Qe7 21.Ng4 
Bg7 22.d5 exd5 23.Bxg7 Kxg7 24.Rxd5 f5 25.Qd2 Kg8 26.Rd7 Qe6 27.Nh6+ Kh8 
28.Nf7+ Kg8 29.Nh6+ Kh8 30.Nf7+ Kg8 31.Ng5 Qb3 32.Nxh7 Red8 33.Nf6+ 1-0